Statistiques concernant Nom des badges d'arènes Pokémon

Cliquez ici pour prendre le quiz!

Statistiques générales

  • Ce quiz a été pris 70 fois
  • Le résultat moyen est 22 sur 50

Statistiques - réponses

Région Answer % Correct
KantoRoche
84%
HoennRoche
84%
KantoCascade
69%
HoennPoing
69%
KantoFoudre
69%
KantoTerre
61%
HoennPlume
61%
UnysVolt
59%
KantoVolcan
59%
HoennPluie
57%
SinnohGlaçon
57%
SinnohCharbon
53%
KantoMarais
51%
HoennChaleur
51%
SinnohFantôme
51%
KantoPrisme
51%
HoennEsprit
51%
SinnohPhare
49%
SinnohForêt
47%
KantoAme
47%
JohtoEssaim
47%
JohtoZéphyr
45%
JohtoGlacier
43%
SinnohMine
43%
UnysTriple
43%
UnysBasique
43%
HoennBalancier
41%
KalosMur
39%
Unys (NB2)Vague
39%
JohtoBrume
39%
HoennDynamo
33%
KalosColéoptère
33%
JohtoPlaine
33%
UnysMythe
31%
UnysJet
31%
UnysElytre
31%
SinnohPalustre
31%
SinnohPavé
31%
JohtoChoc
31%
JohtoMinéral
31%
UnysStalactite
29%
Unys (NB2)Toxique
29%
KalosVégétal
27%
KalosIceberg
27%
UnysSismique
25%
JohtoLever
25%
KalosNymphe
25%
KalosLutte
22%
KalosTension
22%
KalosPsychisme
22%

Distribution des résultats

Percentile by Number Answered

% des personnes avec chaque résultat

Votre développement - résultats

Vous n’avez pas pris ce quiz